Σχεδιασμός κλινικών ερευνών με τη μέθοδο της κάλπης : μεταπτυχιακή διατριβή
Τοποθέτηση ασθενών σε θεραπείες με τη μέθοδο της καλπης.
Αποθηκεύτηκε σε:
| Κύριος συγγραφέας: | |
|---|---|
| Συγγραφή απο Οργανισμό/Αρχή: | |
| Μορφή: | Thesis Βιβλίο |
| Γλώσσα: | Greek |
| Δημοσίευση: |
2009.
|
| Θέματα: | |
| Διαθέσιμο Online: | http://hdl.handle.net/11610/15558 |
| Ετικέτες: |
Προσθήκη ετικέτας
Δεν υπάρχουν, Καταχωρήστε ετικέτα πρώτοι!
|
MARC
| LEADER | 00000cam a2200000 i 4500 | ||
|---|---|---|---|
| 001 | 1/5087 | ||
| 008 | 100302s2009 gr | ||| |||| ||gre|| | ||
| 035 | |l 10107040 | ||
| 040 | |a GR-MyUA |b gre |e AACR2 | ||
| 041 | 0 | |a gre | |
| 082 | 0 | |a 615.50724 |2 (22) | |
| 100 | 1 | |a Γουδέλας, Θωμάς. | |
| 245 | 1 | 0 | |a Σχεδιασμός κλινικών ερευνών με τη μέθοδο της κάλπης : |b μεταπτυχιακή διατριβή / |c Θωμάς Γουδέλας ; επιβλέπων καθηγητής, Γιάννης Τσιμήκας. |
| 260 | |c 2009. | ||
| 300 | |a 96 σ. : |b πιν., σχέδια ; |c 30 εκ. | ||
| 502 | |a Διατριβή (μεταπτυχιακή) – Πανεπιστήμιο Αιγαίου, Σάμος, 2009. | ||
| 504 | |a Βιβλιογραφία: σ. 94-96. | ||
| 506 | 0 | |a Διάθεση πλήρους κειμένου - Ελεύθερη πρόσβαση. | |
| 520 | |a Τοποθέτηση ασθενών σε θεραπείες με τη μέθοδο της καλπης. | ||
| 540 | |a Κλειδωμένη η δυνατότητα αντιγραφής (copy) του κειμένου. | ||
| 610 | 2 | 0 | |a University of the Aegean |x Dissertations. |
| 650 | 0 | 0 | |a Group-randomized trials. |
| 650 | 0 | 0 | |a Clinical trials. |
| 650 | 0 | 0 | |a Dissertations, Academic |z Greece. |
| 700 | 1 | |a Τσιμήκας, Ιωάννης, |e dgs | |
| 710 | 2 | |a Πανεπιστήμιο Αιγαίου. |b Σχολή Θετικών Επιστημών. |b Τμήμα Στατιστικής και Αναλογιστικών-Χρηματοοικονομικών Μαθηματικών. |b Μεταπτυχιακό Πρόγραμμα Στατιστική και Αναλογιστικά - Χρηματοοικονομικά Μαθηματικά. | |
| 852 | |a INST |b SAMOS |c DIATR |e 20100302 |h 615.50724 ΓΟΥ |p 005300030786 |q 005300030786 |t MTXE |y 23 | ||
| 852 | |a INST |b SAMOS |c DIATR |e 20100302 |h 615.50724 ΓΟΥ |p 005300030787 |q 005300030787 |t MTXE |y 23 | ||
| 856 | |u http://hdl.handle.net/11610/15558 | ||
| 901 | |a BIBL3-2010-1 | ||
| 909 | |a Σ |b 158595 | ||
| 909 | |a Σ |b 158596 | ||
| 924 | |a ΓΟΥΔΕΛΑΣ |b ΘΩΜΑΣ |y Σάμος |z 2009-11 | ||
| 970 | |a ΚΟΣΙΕΡΗΣ |b ΧΡΗΣΤΟΣ |z 2010/03/02 | ||